| 000 | 00552nam a2200217Ia 4500 | ||
|---|---|---|---|
| 005 | 20140407083617.0 | ||
| 008 | 140130s9999 xx 000 0 und d | ||
| 020 | _a9780590447348 | ||
| 050 |
_aQL 765 _b.B75 1991 |
||
| 100 |
_aBridwell, Norman. _923197 |
||
| 245 |
_cNorman Bridwell. _aClifford's animal sounds / |
||
| 260 |
_bScholastic Inc, _cc1991. _aUSA : |
||
| 300 |
_a16 p. : _bill. col. ; _c10 cm. |
||
| 440 |
_v1 _930972 |
||
| 521 | _aBR | ||
| 526 | _cBR | ||
| 942 |
_cBK _2lcc |
||
| 999 |
_c41468 _d41468 |
||